00533nam a2200193 a 4500001001300000003000900013005001700022008004100039020002300080082002200103100002300125245005400148260003500202300000800237500003500245505001800280650001800298700002300316nice12345678IN_TiNIC20260116015056.0100205s2005 dela grp 000 0 eng  a8188869163 c40000a323.39710954bDAN aDanish, Ishtiyaque aMuslims in Indiab Perceptions and Misperceptions aDelhibGlobal Media Pub c2005 a94p aincludes index and biblioraphy2 abiblio, index aMuslims-India1 aDanish, Ishtiyaque